Della storia del padre Girolamo Savonarola da Ferrara domenico della congregazione di S. Marco di Firenze libri quattro

Detalles Bibliográficos
Formato: Libro
Lenguaje:Undetermined
Italian
Publicado: Livorno : nella stamperia di Carlo Giorgi, 1782.
Materias:
Colección:Banco de datos
Acervo:Biblioteca Palafoxiana. Colección bibliográfica
Descripción Física:XXIV, 345 p. ; 4°
Tema general:Biografías
Notas:Incluye retrato. Número de localización: 22131
LEADER 00580nam a2200157Ia 4500
008 150723s9999 xx 000 0 und d
041 0 |a ita 
050 0 |a PAFX CT31 S8 
245 1 0 |a Della storia del padre Girolamo Savonarola da Ferrara domenico della congregazione di S. Marco di Firenze libri quattro 
260 |a Livorno : nella stamperia di Carlo Giorgi, 1782. 
300 |a XXIV, 345 p. ; 4° 
500 |a Incluye retrato. Número de localización: 22131 
650 1 0 |a Biografías 
942 |c PALALIB 
943 |g Biblioteca Palafoxiana. Colección bibliográfica 
999 |c 1047105  |d 1047105